[Event "Regionalliga SO 9798"]
[Site "Bayern"]
[Date "1998.??.??"]
[Round "?.7"]
[White "Stahlschmidt, Karsten"]
[Black "Brunner, Martin"]
[Result "1/2-1/2"]
[WhiteElo "1765"]
[BlackElo "1905"]
[PlyCount "54"]
[EventDate "1997.10.19"]
[EventType "team-tourn"]
[EventRounds "9"]
[EventCountry "GER"]
[SourceTitle "EXT 2020"]
[Source "ChessBase"]
[SourceDate "2019.10.17"]
[SourceVersion "1"]
[SourceVersionDate "2019.10.17"]
[SourceQuality "1"]
[WhiteTeam "Ilmmuenster"]
[BlackTeam "Ebersberg Grafing"]
[WhiteTeamCountry "GER"]
[BlackTeamCountry "GER"]

1. d4 Nf6 2. Nc3 d5 3. Nf3 Bf5 4. Bf4 c6 5. e3 e6 6. a3 Be7 7. Bd3 Qb6 8. Rb1 Bg4 9. h3 Bh5 10. g4 Bg6 11. Bxg6 hxg6 12. Ne5 Nbd7 13. f3 Nxe5 14. Bxe5 c5 15. Qd3 c4 16. Qe2 Bd6 17. Qh2 0-0-0 18. Kf2 Rh7 19. Bxd6 Qxd6 20. Qxd6 Rxd6 21. b4 b6 22. b5 Rd8 23. Na2 Kb7 24. Nb4 Nd7 25. Nc6 Rdh8 26. Kg2 a5 27. a4 Re8 1/2-1/2

[Event "Regionalliga SO 9697"]
[Site "Bayern"]
[Date "1996.12.03"]
[Round "3"]
[White "Brunner, Martin"]
[Black "Knollmueller, Peter"]
[Result "1-0"]
[WhiteElo "1865"]
[BlackElo "1970"]
[PlyCount "85"]
[EventDate "1996.10.13"]
[EventType "team-tourn"]
[EventRounds "9"]
[EventCountry "GER"]
[SourceTitle "EXT 1999"]
[Source "ChessBase"]
[SourceDate "1998.11.16"]
[SourceVersion "1"]
[SourceVersionDate "1998.11.16"]
[SourceQuality "1"]
[WhiteTeam "Ebersberg Grafing"]
[BlackTeam "Deggendorf"]
[WhiteTeamCountry "GER"]
[BlackTeamCountry "GER"]

1. d4 Nf6 2. Nf3 d5 3. e3 Bg4 4. c4 e6 5. Nbd2 c6 6. Qb3 Qc7 7. Bd3 Nbd7 8. 0-0 dxc4 9. Bxc4 Bd6 10. h3 Bh5 11. e4 Be7 12. e5 Nd5 13. Ne4 h6 14. Bd2 Qb6 15. Rac1 Qxb3 16. Bxb3 Bxf3 17. gxf3 0-0 18. Bxd5 exd5 19. Ng3 Rfe8 20. f4 Rac8 21. Rc2 Nb6 22. Rfc1 Nc4 23. b3 Na3 24. Rc3 Nb5 25. Rd3 Ba3 26. Rc2 Bf8 27. Kh2 Na3 28. Rc1 Ra8 29. Nf5 a5 30. Rg3 Kh7 31. Rcg1 g6 32. Nh4 a4 33. f5 g5 34. Nf3 f6 35. exf6 Bd6 36. Ne5 Bxe5 37. dxe5 Rxe5 38. Bxg5 Rxf5 39. Be3 Nc2 40. Rg7+ Kh8 41. R1g6 Rh5 42. f7 Rg5 43. Bxg5 1-0